Statistics for Harry Potter Last Names

Click here to take the quiz!

General Stats

  • This quiz has been taken 46 times
  • The average score is 24 of 29

Answer Stats

HintAnswer% Correct
TomRiddle
100%
SeverusSnape
100%
SiriusBlack
97%
HermioneGranger
97%
HarryPotter
97%
RonWeasley
97%
GinnyWeasley
97%
AlbusDumbledore
95%
ArianaDumbledore
95%
RubeusHagrid
95%
GilderoyLockhart
95%
RemusLupin
95%
AlastorMoody
95%
VincentCrabbe
92%
XenophiliusLovegood
92%
DoloresUmbridge
92%
FiliusFlitwick
89%
GregoryGoyle
89%
MinervaMcgonagall
89%
HoraceSlughorn
86%
SybilTrelawney
84%
MarvoloGaunt
76%
AmycusCarrow
70%
AntoninDolohov
70%
TheodoreNott
70%
WilhelmimaGrubbly Plank
51%
SeptimaVector
46%
BathshedaBabbling
43%
ThorfinnRowle
35%

Score Distribution

Percentile by Number Answered

Percent of People with Each Score

Your Score History

You have not taken this quiz